[Event "Aeroflot Open 2016"]
[Site "Moscu RUS"]
[Date "2016.03.09"]
[Round "9.28"]
[White "Oparin, Grigoriy"]
[Black "Cordova, Emilio"]
[Result "1-0"]
[WhiteElo "2572"]
[BlackElo "2610"]
[PlyCount "107"]
[EventDate "2016.03.01"]
[EventType "swiss"]
[EventRounds "9"]
[EventCountry "RUS"]
[Source "lmi"]
[SourceDate "2016.03.01"]

1. d4 Nf6 2. c4 e6 3. Nf3 c5 4. d5 exd5 5. cxd5 d6 6. Nc3 g6 7. Bf4 Bg7 8. Qa4+
Bd7 9. Qb3 b5 10. Bxd6 Qb6 11. Be5 O-O 12. e3 c4 13. Qd1 b4 14. Ne2 Rc8 15. Nf4
h6 16. Bd4 Qb7 17. Ne5 g5 18. Nxc4 gxf4 19. Nd6 Qxd5 20. Nxc8 Bxc8 21. Be2 Bb7
22. Bf3 Qb5 23. Bxb7 Qxb7 24. O-O fxe3 25. fxe3 Nbd7 26. a3 b3 27. Rc1 a5 28.
a4 Rb8 29. Rf5 Qa6 30. Qf1 Qe6 31. Rxa5 Ng4 32. Qf5 Qxf5 33. Rxf5 Bxd4 34. exd4
Rb4 35. a5 Rxd4 36. a6 Ra4 37. Rc7 Nge5 38. a7 Kg7 39. h3 Kg6 40. Rf4 Ra1+ 41.
Rf1 Ra2 42. Re1 Kf5 43. Re3 Ra1+ 44. Kh2 Nb6 45. Rxb3 Na8 46. Rcb7 Nc4 47.
Rxf7+ Ke6 48. Rh7 Kd5 49. Rb8 Ncb6 50. Rxh6 Kc5 51. Rh7 Ra2 52. Rhb7 Kc6 53. b4
Ra4 54. h4 1-0

[Event "Aeroflot Open 2016"]
[Site "Moscu RUS"]
[Date "2016.03.09"]
[Round "9.29"]
[White "Pichot, Alan"]
[Black "Azarov, Sergei"]
[Result "0-1"]
[WhiteElo "2542"]
[BlackElo "2599"]
[PlyCount "92"]
[EventDate "2016.03.01"]
[EventType "swiss"]
[EventRounds "9"]
[EventCountry "RUS"]
[Source "lmi"]
[SourceDate "2016.03.01"]

1. e4 c5 2. Nf3 Nc6 3. d4 cxd4 4. Nxd4 Qb6 5. Nb3 Nf6 6. Nc3 e6 7. Qe2 Bb4 8.
Bd2 O-O 9. a3 Be7 10. O-O-O d5 11. exd5 Nxd5 12. g3 Nxc3 13. Bxc3 e5 14. Bg2
Be6 15. Bd5 Bxd5 16. Rxd5 Rac8 17. Rb5 Qa6 18. Re1 Rfe8 19. Kb1 Bf8 20. Rd5
Qxe2 21. Rxe2 f6 22. Rb5 b6 23. a4 Red8 24. Rd2 Bd6 25. Rbd5 Bc7 26. Kc1 Rxd5
27. Rxd5 Rd8 28. Rxd8+ Bxd8 29. Kd2 Kf7 30. Kd3 Ke6 31. Kc4 a6 32. Nc1 h5 33.
b4 g5 34. b5 axb5+ 35. axb5 Ne7 36. Bd2 Nf5 37. Kd3 Nd4 38. Ne2 Nxb5 39. c4 Nd6
40. Nc3 f5 41. Na4 e4+ 42. Kc3 Kd7 43. c5 b5 44. Nb6+ Kc6 45. cxd6 Bxb6 46.
Bxg5 Bxf2 0-1

[Event "Aeroflot Open 2016"]
[Site "Moscu RUS"]
[Date "2016.03.09"]
[Round "9.30"]
[White "Xu, Yinglun"]
[Black "Kunin, Vitaly"]
[Result "1/2-1/2"]
[WhiteElo "2518"]
[BlackElo "2584"]
[PlyCount "80"]
[EventDate "2016.03.01"]
[EventType "swiss"]
[EventRounds "9"]
[EventCountry "RUS"]
[Source "lmi"]
[SourceDate "2016.03.01"]

1. d4 e6 2. c4 Bb4+ 3. Bd2 a5 4. Nf3 d6 5. g3 Nc6 6. Bg2 e5 7. Bxb4 axb4 8. d5
Nb8 9. Nbd2 Nf6 10. O-O O-O 11. Ne1 c5 12. dxc6 Nxc6 13. Nc2 d5 14. cxd5 Nxd5
15. Nb3 Nde7 16. Ne3 Qc7 17. Qc2 Rd8 18. Rfc1 Qb6 19. Qc5 Qxc5 20. Nxc5 Ra7 21.
Kf1 f5 22. Nc4 e4 23. f3 exf3 24. Bxf3 Kf7 25. Nb6 Be6 26. a3 Rd2 27. Nxe6 Kxe6
28. Nc4 Rd4 29. e3 Rxc4 30. Rxc4 Ne5 31. Be2 Nxc4 32. Bxc4+ Ke5 33. a4 Nd5 34.
Bxd5 Kxd5 35. b3 b5 36. a5 Kc6 37. Ke2 Ra6 38. Kd3 Kd5 39. h4 g6 40. Ra2 Ke5
1/2-1/2

[Event "Aeroflot Open 2016"]
[Site "Moscu RUS"]
[Date "2016.03.09"]
[Round "9.32"]
[White "Shyam, Sundar M"]
[Black "Wagner, Dennis"]
[Result "1-0"]
[WhiteElo "2523"]
[BlackElo "2583"]
[PlyCount "89"]
[EventDate "2016.03.01"]
[EventType "swiss"]
[EventRounds "9"]
[EventCountry "RUS"]
[Source "lmi"]
[SourceDate "2016.03.01"]

1. Nf3 Nf6 2. g3 c5 3. Bg2 Nc6 4. O-O e5 5. e4 Be7 6. d3 O-O 7. Nc3 d6 8. h3
Ne8 9. Nd5 Nc7 10. Nxe7+ Qxe7 11. Nh4 Be6 12. c3 d5 13. Qe2 Rad8 14. Kh2 Rfe8
15. f4 dxe4 16. dxe4 f6 17. f5 Bf7 18. g4 b5 19. Qf2 b4 20. Be3 Na6 21. g5 Bc4
22. Qg3 bxc3 23. gxf6 Qxf6 24. b3 Bd3 25. Bg5 Qf7 26. Bxd8 Rxd8 27. Rfd1 c4 28.
bxc4 Nc5 29. Bf1 c2 30. Rxd3 Nxd3 31. Bxd3 Nb4 32. Be2 Nxa2 33. Qe3 Qb7 34.
Rxa2 Qb1 35. Rxc2 Qxc2 36. Nf3 a5 37. Kg3 a4 38. Qb6 Re8 39. Qc6 Kf8 40. Qd6+
Kg8 41. Qd7 Rb8 42. Qe6+ Kh8 43. Nxe5 h6 44. f6 Qc3+ 45. Kg2 1-0

[Event "Aeroflot Open 2016"]
[Site "Moscu RUS"]
[Date "2016.03.09"]
[Round "9.33"]
[White "Kulaots, Kaido"]
[Black "Esipenko, Andrey"]
[Result "0-1"]
[WhiteElo "2578"]
[BlackElo "2445"]
[PlyCount "96"]
[EventDate "2016.03.01"]
[EventType "swiss"]
[EventRounds "9"]
[EventCountry "RUS"]
[Source "lmi"]
[SourceDate "2016.03.01"]

1. e4 e5 2. Nf3 Nc6 3. Bb5 a6 4. Ba4 Nf6 5. O-O Be7 6. Re1 b5 7. Bb3 d6 8. c3
O-O 9. h3 Bb7 10. d4 Re8 11. a4 Bf8 12. Bg5 h6 13. Bxf6 Qxf6 14. Bd5 Rab8 15.
axb5 axb5 16. Na3 Ne7 17. Bxb7 Rxb7 18. d5 b4 19. Nc2 bxc3 20. bxc3 Rbb8 21.
Nb4 Ra8 22. Ra4 Reb8 23. Qa1 Rxa4 24. Qxa4 Ng6 25. Qc6 Nf4 26. Kh2 Rb6 27. Qe8
g5 28. Ra1 Ng6 29. Kg1 Qf4 30. Re1 h5 31. Re3 Qf6 32. Nd2 Nf4 33. Qc8 Rb5 34.
Re1 Ra5 35. Nf1 Ra3 36. Ne3 Rxc3 37. Nf5 Ng6 38. Nc6 g4 39. h4 Rc4 40. g3 Kh7
41. Qd7 Kg8 42. Kg2 Kh7 43. Re2 Rc1 44. Qe8 Nf4+ 45. gxf4 exf4 46. Qxf8 f3+ 47.
Kh2 g3+ 48. fxg3 Rh1+ 0-1

[Event "Aeroflot Open 2016"]
[Site "Moscu RUS"]
[Date "2016.03.09"]
[Round "9.34"]
[White "Karavade, Eesha"]
[Black "Sandipan, Chanda"]
[Result "0-1"]
[WhiteElo "2395"]
[BlackElo "2577"]
[PlyCount "102"]
[EventDate "2016.03.01"]
[EventType "swiss"]
[EventRounds "9"]
[EventCountry "RUS"]
[Source "lmi"]
[SourceDate "2016.03.01"]

1. Nf3 d5 2. g3 g6 3. c4 e6 4. Bg2 Bg7 5. O-O Ne7 6. d4 O-O 7. Nbd2 Nf5 8. e3
b6 9. Rb1 Bb7 10. b3 Nd7 11. Bb2 c5 12. cxd5 exd5 13. dxc5 Bxb2 14. Rxb2 Nxc5
15. b4 Ne4 16. Nxe4 dxe4 17. Nd4 Nxd4 18. Rd2 Qe7 19. Rxd4 Rfd8 20. b5 a6 21.
bxa6 Bxa6 22. Re1 Bd3 23. Qb3 b5 24. Rxd8+ Rxd8 25. Bf1 Qc5 26. Rd1 Qc4 27. Qb2
Ra8 28. Bxd3 exd3 29. Qd4 Ra3 30. Kg2 h5 31. h4 Qc6+ 32. e4 Qc4 33. Qd5 Kg7 34.
Qe5+ Kg8 35. Qe8+ Kg7 36. Qe5+ Kh7 37. Qe7 Qxa2 38. Rd2 Ra7 39. Rxa2 Rxe7 40.
Kf3 f5 41. exf5 gxf5 42. Rd2 Rd7 43. Ke3 Kg6 44. Rxd3 f4+ 45. gxf4 Rxd3+ 46.
Kxd3 Kf5 47. Kc3 Kxf4 48. Kb4 Kg4 49. Kxb5 Kxh4 50. Kc4 Kg4 51. Kd3 Kf3 0-1

[Event "Aeroflot Open 2016"]
[Site "Moscu RUS"]
[Date "2016.03.09"]
[Round "9.35"]
[White "Lorparizangeneh, Shahin"]
[Black "Pourramezanali, Amirreza"]
[Result "1/2-1/2"]
[WhiteElo "2449"]
[BlackElo "2506"]
[PlyCount "80"]
[EventDate "2016.03.01"]
[EventType "swiss"]
[EventRounds "9"]
[EventCountry "RUS"]
[Source "lmi"]
[SourceDate "2016.03.01"]

1. e4 c6 2. d4 d5 3. exd5 cxd5 4. c4 Nf6 5. Nc3 Nc6 6. Bg5 dxc4 7. Bxc4 Qxd4 8.
Qxd4 Nxd4 9. O-O-O e5 10. f4 Bg4 11. Nf3 Bxf3 12. gxf3 Rc8 13. fxe5 Rxc4 14.
exf6 Ne6 15. Rhe1 g6 16. Kb1 Bb4 17. Re4 Rxe4 18. Nxe4 Nxg5 19. Nxg5 Ba5 20. h3
h6 21. Ne4 Bc7 22. b4 g5 23. Kc2 Rg8 24. Rd5 Rg6 25. Kb3 Bd8 26. Nd6+ Kf8 27.
Nxb7 Bxf6 28. Nd6 Bd8 29. Nf5 Ke8 30. Rd6 Rxd6 31. Nxd6+ Ke7 32. Nc8+ Kd7 33.
Nxa7 h5 34. Kc4 f5 35. Kd3 g4 36. hxg4 fxg4 37. fxg4 hxg4 38. Ke4 Bb6 39. Kf4
Bxa7 40. Kxg4 Kc6 1/2-1/2

[Event "Aeroflot Open 2016"]
[Site "Moscu RUS"]
[Date "2016.03.09"]
[Round "9.36"]
[White "Anton Guijarro, David"]
[Black "Gasanov, Eldar"]
[Result "1-0"]
[WhiteElo "2641"]
[BlackElo "2503"]
[PlyCount "81"]
[EventDate "2016.03.01"]
[EventType "swiss"]
[EventRounds "9"]
[EventCountry "RUS"]
[Source "lmi"]
[SourceDate "2016.03.01"]

1. e4 e5 2. Nf3 Nc6 3. Bb5 g6 4. O-O Bg7 5. c3 a6 6. Ba4 d6 7. d4 Bd7 8. Bg5 f6
9. Be3 Nh6 10. h3 Nf7 11. dxe5 dxe5 12. c4 O-O 13. Nc3 f5 14. Re1 Re8 15. Bc5
f4 16. Qd5 Bf8 17. Bxf8 Kxf8 18. Rad1 Be6 19. Qc5+ Qe7 20. Qxe7+ Rxe7 21. Bxc6
bxc6 22. b3 g5 23. Na4 Rae8 24. Nc5 a5 25. Re2 h5 26. Red2 Bc8 27. Kf1 Kg7 28.
Ke2 Kf6 29. Ne1 g4 30. hxg4 hxg4 31. Kd3 Nd6 32. Kc3 Rd8 33. g3 fxg3 34. fxg3
Rh7 35. Ned3 Rh3 36. Rf1+ Kg5 37. Rg2 Re8 38. a4 Be6 39. Nxe5 Bg8 40. Kd4 Rh7
41. Rf4 1-0

[Event "Aeroflot Open 2016"]
[Site "Moscu RUS"]
[Date "2016.03.09"]
[Round "9.37"]
[White "Igonin, Temur"]
[Black "Antipov, Mikhail Al"]
[Result "1/2-1/2"]
[WhiteElo "2470"]
[BlackElo "2573"]
[PlyCount "86"]
[EventDate "2016.03.01"]
[EventType "swiss"]
[EventRounds "9"]
[EventCountry "RUS"]
[Source "lmi"]
[SourceDate "2016.03.01"]

1. e4 c5 2. Nf3 e6 3. d4 cxd4 4. Nxd4 Nc6 5. Nc3 Qc7 6. Be2 a6 7. O-O Nf6 8.
Be3 Bb4 9. Na4 Ne7 10. Nf3 d5 11. e5 Nd7 12. a3 Ba5 13. b4 b5 14. bxa5 bxa4 15.
c4 dxc4 16. Qxa4 Nd5 17. Bd4 c3 18. Bc4 Bb7 19. Bxd5 Bxd5 20. Rac1 O-O 21. Rxc3
Qb7 22. Rfc1 Bxf3 23. gxf3 Qd5 24. f4 Rfb8 25. Rd1 Rb5 26. Be3 Qb7 27. Rcd3 Nf8
28. Bb6 h5 29. f3 Rc8 30. Qe4 Qe7 31. Rd8 Rxd8 32. Rxd8 Qxa3 33. Qd3 Qa1+ 34.
Kg2 Rd5 35. Rxd5 Qa2+ 36. Qd2 Qxd5 37. Qxd5 exd5 38. f5 g6 39. Kg3 gxf5 40. Kf4
Ne6+ 41. Kxf5 Kf8 42. h4 Ke7 43. Bf2 Kf8 1/2-1/2

[Event "Aeroflot Open 2016"]
[Site "Moscu RUS"]
[Date "2016.03.09"]
[Round "9.38"]
[White "Maiorov, Nikita"]
[Black "Sivuk, Vitaly"]
[Result "1-0"]
[WhiteElo "2558"]
[BlackElo "2554"]
[PlyCount "105"]
[EventDate "2016.03.01"]
[EventType "swiss"]
[EventRounds "9"]
[EventCountry "RUS"]
[Source "lmi"]
[SourceDate "2016.03.01"]

1. d4 Nf6 2. c4 g6 3. g3 c6 4. Bg2 d5 5. Qa4 dxc4 6. Qxc4 Be6 7. Qa4 Nbd7 8.
Nf3 Nb6 9. Qd1 Bg7 10. O-O O-O 11. Nc3 Nfd5 12. Ne4 Bf5 13. Nc5 Nd7 14. Nh4 Bg4
15. h3 Nxc5 16. hxg4 Ne6 17. Nf3 Qb6 18. e3 Rfd8 19. Qa4 c5 20. e4 Nb4 21. d5
Nd4 22. Nxd4 Bxd4 23. Rd1 Qf6 24. Rd2 e5 25. g5 Qe7 26. Bf1 Rd6 27. Rxd4 exd4
28. Bf4 Rb6 29. a3 Na6 30. Qc2 h6 31. gxh6 g5 32. d6 Rxd6 33. Bxd6 Qxd6 34.
Bxa6 bxa6 35. b4 cxb4 36. axb4 Qxh6 37. Qc4 Rd8 38. Rxa6 Qh5 39. Qc7 Re8 40.
Qc6 Rd8 41. Kg2 g4 42. Rxa7 Qg6 43. Qxg6+ fxg6 44. Kf1 d3 45. Ke1 Rd4 46. Kd2
Rxb4 47. Kxd3 Rb2 48. Ke3 Kf8 49. Rd7 g5 50. Rd5 Rb3+ 51. Kd4 Rb4+ 52. Ke5 Rb2
53. Ke6 1-0

[Event "Aeroflot Open 2016"]
[Site "Moscu RUS"]
[Date "2016.03.09"]
[Round "9.40"]
[White "Goryachkina, Aleksandra"]
[Black "Swayams, Mishra"]
[Result "1-0"]
[WhiteElo "2509"]
[BlackElo "2470"]
[PlyCount "65"]
[EventDate "2016.03.01"]
[EventType "swiss"]
[EventRounds "9"]
[EventCountry "RUS"]
[Source "lmi"]
[SourceDate "2016.03.01"]

1. d4 Nf6 2. c4 b6 3. Nc3 Bb7 4. Qc2 d5 5. Bg5 e6 6. cxd5 exd5 7. e3 Be7 8. Bd3
Nbd7 9. Nf3 h6 10. Bf4 a6 11. h3 c5 12. O-O O-O 13. Ne5 b5 14. dxc5 Nxc5 15.
Bf5 Qb6 16. Rad1 Ne6 17. Bh2 Rfd8 18. Ne2 Ne4 19. Bxe6 fxe6 20. Nd4 Rac8 21.
Qe2 Nf6 22. Qd3 Bd6 23. Qg6 Bxe5 24. Bxe5 Rf8 25. Rc1 Rxc1 26. Rxc1 Rf7 27.
Bxf6 Rxf6 28. Qe8+ Kh7 29. Qe7 Rg6 30. Rc7 Ba8 31. Rc8 Bb7 32. Rb8 Qa5 33. Qf8
1-0

[Event "Aeroflot Open 2016"]
[Site "Moscu RUS"]
[Date "2016.03.09"]
[Round "9.41"]
[White "Kovalevskaya, Ekaterina"]
[Black "Korchmar, Vasiliy"]
[Result "1/2-1/2"]
[WhiteElo "2462"]
[BlackElo "2450"]
[PlyCount "33"]
[EventDate "2016.03.01"]
[EventType "swiss"]
[EventRounds "9"]
[EventCountry "RUS"]
[Source "lmi"]
[SourceDate "2016.03.01"]

1. e4 e5 2. Nf3 Nc6 3. Nc3 Nf6 4. d4 exd4 5. Nxd4 Bb4 6. Nxc6 bxc6 7. Bd3 d5 8.
exd5 cxd5 9. O-O O-O 10. Bg5 c6 11. Qf3 Rb8 12. h3 Bd6 13. b3 Be5 14. Bf4 Bxc3
15. Bxb8 Bxa1 16. Rxa1 Bg4 17. hxg4 1/2-1/2